Devlet krizi (Record no. 1835)

MARC details
000 -BAŞLIK
Sabit Uzunlukta Kontrol Alanı 00788na a2200253 4500
001 - KONTROL NUMARASI
Denetim Alanı 13149
003 - KONTROL NUMARASI IDENTIFIER
Denetim Alanı MIRAKIL
005 - SON İŞLEM TARİHİ VE ZAMANI
Denetim Alanı 20181213154836.0
008 - SABİT-BOY VERİ ELEMANLARI - GENEL BİLGİLER
Sabit Uzunlukta Kontrol Alanı 160929b tu 000 0
035 ## - SİSTEM KONTROL NUMARASI
Sistem Kontrol Numarası 13149
040 ## - KATALOGLAMA KAYNAK
Orijinal Kataloglama Ajansı Milas
Kataloglama Dili tur
Metne Dönüştürmek Ajansı TR-AnCHP
082 ## - DEWEY ONLU SINIFLANDIRMA NUMARASI
Sınıflandırma Numarası 324.6309561
Ürün Numarası Ö92d 1989
090 ## - SINIFLAMA NUMARASI
Sınıflama Numarası 324.6309561 Ö92d 1989
100 ## - ANA GİRİŞ - KİŞİSEL İSİM
Kişisel Ad Özdemir, Hikmet
245 ## - BAŞLIK TABLOSU
Başlık Devlet krizi
Başlığın Kalan T.C. Cumhurbaşkanlığı seçimleri
Sorumluluk Tablosu, Vb Hikmet Özdemir
246 ## - UNVAN FORM VARYING
Başlık Doğru / Kısa Başlığı Cumhurbaşkanlığı seçimleri
260 ## - YAYIN, DAĞITIM, VB
Yayın, Dağıtım, Vb Yeri Ankara
Yayıncı, Dağıtıcı, Vs Adı Afa Yayınları
Yayın, Dağıtım, Vb Tarihi 1989
300 ## - FİZİKSEL TANIM
Kapsam 338 s.
Boyutlar 20 sm.
440 ## - SERİSİ TABLOSU / KATMA GİRİŞİ - BAŞLIK
Başlık Afa yayınları
Hacim / Ardışık Tanımı 87
490 ## - SERİSİ TABLOSU
Seri Beyanı Türkiye Üzerine Araştırmalar Dizisi
Hacim / Ardışık Tanımı 3
650 ## - KONU KATMA GİRİŞ - TOPİKAL DÖNEM
Topikal Süreli Veya Coğrafi Ad Giriş Elemanı Seçim sistemleri
Genel Alt Bölümü Tarih
Coğrafi Alt Bölümü Türkiye
650 ## - KONU KATMA GİRİŞ - TOPİKAL DÖNEM
Topikal Süreli Veya Coğrafi Ad Giriş Elemanı Cumhurbaşkanı seçimleri
Genel Alt Bölümü Tarih
Kronolojik Alt Bölümü Eleştiriler
942 ## - EKLENDİ GİRİŞ ELEMANLARI (KOHA)
Sınıflandırma Veya Raf Düzeni Kaynak Dewey Decimal Classification
Koha Öğesi Türü Books
999 ## - SİSTEM KONTROL NUMARALARI (KOHA)
Koha Biblionumber 1835
Koha Biblioitemnumber 1835
Holdings
Kalıcı Konum Mevcut Konum Edinme Tarihi Edinim Kaynak Toplam Check-Out'Lar Tam Çağrı Numarası Barkod Tarih Son Görülme İtibaren Geçerli Fiyatlar Koha Öğesi Türü Sigara Kamu Notu
CHP Kütüphanesi CHP Kütüphanesi 08/09/2016 Bağış   324.6309561 Ö92d 1989 000674 08/09/2016 08/09/2016 Books  
Parti Okulu Kütüphanesi Parti Okulu Kütüphanesi 08/13/2021     324.6309561 Ö92d 1989 P00839 08/13/2021 08/13/2021 Books Emin Değer Bağışıdır.